Loading...

A Study in Emotional Intelligence With Respect to Birth Order

Bibliographic Details
Main Author: B Murali Krishnan
Corporate Author: MGU SBES
Other Authors: Dr Razeena Padmam
Format: Ph.D Thesis
Published: Kottayam MGU 2008
LEADER 00417nam a22001217a 4500
999 |c 93696  |d 93696 
100 |a B Murali Krishnan  |9 44292 
245 |a A Study in Emotional Intelligence With Respect to Birth Order 
260 |a Kottayam  |b MGU  |c 2008 
700 |a Dr Razeena Padmam  |9 43837 
710 |a MGU  |b SBES  |f 2008  |k Theses  |9 43926 
942 |c THES 
952 |0 0  |1 0  |4 0  |7 0  |9 86188  |a SBES  |b SBES  |d 2016-10-25  |l 0  |p M079  |r 2016-10-25  |w 2016-10-25  |y THES